Súkromné vlastníctvo a jeho sociálna funkcia. 1.

Kritické hodnotenie režimu, ktorý uznáva len kolektívne a celospoločenské štátne vlastníctvo bez možnosti individuálneho privlastňovania. Kritika opačného extrému kolektivizmu a to liberalizmu, ktorý absolutizuje práva nejestvujúceho absolútneho subjektu, ktorým je človek. Obhajoba správnosti cirkev...

Ausführliche Beschreibung

Gespeichert in:
Bibliographische Detailangaben
1. Verfasser: Hlinka, A.
Format: Buchkapitel
Sprache:Slowakisch
Schlagworte:
Tags: Tag hinzufügen
Keine Tags, Fügen Sie das erste Tag hinzu!

MARC

LEADER 00000naa a2200000 4500
001 r010281
005 20220831085634.1
041 0 |a slo 
044 |a [CS] 
245 1 0 |a Súkromné vlastníctvo a jeho sociálna funkcia. 1.  |c A. Hlinka 
520 |a Kritické hodnotenie režimu, ktorý uznáva len kolektívne a celospoločenské štátne vlastníctvo bez možnosti individuálneho privlastňovania. Kritika opačného extrému kolektivizmu a to liberalizmu, ktorý absolutizuje práva nejestvujúceho absolútneho subjektu, ktorým je človek. Obhajoba správnosti cirkevného učenia, že súkromný majetok nie je majetkom absolútnym, ale že každý je povinný prispievať na sociálne účely. 
610 2 0 |a vlastníctvo 
610 2 0 |a náboženstvo 
610 2 0 |a pomoc sociálna 
100 1 |a Hlinka, A.